33 Biggest Non-Capital Cities in Africa - Statistics

General Stats
  • This quiz has been taken 3,021 times
    2,248 since last reset
  • The average score is 17 of 33
Answer Stats
Population City % Correct
20.7 mil Lagos
98%
6.20 mil Alexandria
97%
14.6 mil Johannesburg
94%
4.77 mil Casablanca
93%
6.25 mil Dar es Salaam
85%
3.85 mil Durban
80%
5.20 mil Kano
79%
6.80 mil Abidjan
78%
1.35 mil Fes
78%
1.17 mil Marrakesh
78%
1.34 mil Mombasa
72%
1.22 mil Tangier
61%
3.32 mil Ibadan
60%
1.19 mil Gqeberha
59%
1.60 mil Oran
58%
3.77 mil Douala
56%
2.20 mil Port Harcourt
54%
2.75 mil Lubumbashi
51%
1.75 mil Benin City
46%
2.87 mil Kumasi
42%
1.31 mil Agadir
37%
2.42 mil Mbuji-Mayi
34%
1.26 mil Kisangani
27%
1.15 mil Sousse
25%
1.18 mil Pointe-Noire
24%
1.93 mil Kaduna
21%
1.25 mil Aba
19%
1.33 mil Kananga
19%
1.20 mil Onitsha
18%
1.39 mil Benguela
16%
1.16 mil Maiduguri
16%
1.20 mil Touba
15%
1.13 mil Ilorin
14%
No matching quizzes found
Score Distribution
Percent of People with Each Score
Percentile by Number Answered
Your Score History
You have not taken this quiz since the last reset